000 00409nam a2200169Ia 4500
001 20856
003 IN-NITTTR
005 20251114233238.0
008 251113s9999||||xx |||||||||||||| ||eng||
040 _beng
040 _cIN-NITTTR
041 _aeng
082 _a670.427 I2C
100 _aIngham, Peter
245 0 _aCAD systems in mechanical production engineering. /
_cIngham, Peter
942 _2ddc
_cBK
999 _c23486
_d23486